Türkiye için nüfus ve kalkınma stratejileri ve bazı politika önerileri (Record no. 1667)

MARC details
000 -BAŞLIK
Sabit Uzunlukta Kontrol Alanı 00985na a2200289 4500
001 - KONTROL NUMARASI
Denetim Alanı 13721
003 - KONTROL NUMARASI IDENTIFIER
Denetim Alanı MIRAKIL
005 - SON İŞLEM TARİHİ VE ZAMANI
Denetim Alanı 20181213154831.0
008 - SABİT-BOY VERİ ELEMANLARI - GENEL BİLGİLER
Sabit Uzunlukta Kontrol Alanı 161102b tu 000 0
020 ## - ULUSLARARASI STANDART KİTAP NUMARASI
Uluslararası Standart Kitap Numarası 9789944252041
035 ## - SİSTEM KONTROL NUMARASI
Sistem Kontrol Numarası 13721
040 ## - KATALOGLAMA KAYNAK
Orijinal Kataloglama Ajansı Milas
Kataloglama Dili tur
Metne Dönüştürmek Ajansı TR-AnCHP
082 ## - DEWEY ONLU SINIFLANDIRMA NUMARASI
Sınıflandırma Numarası 304.6
Ürün Numarası T96 2007
090 ## - SINIFLAMA NUMARASI
Sınıflama Numarası 304.6 T96 2007
245 ## - BAŞLIK TABLOSU
Başlık Türkiye için nüfus ve kalkınma stratejileri ve bazı politika önerileri
Sorumluluk Tablosu, Vb editör; Belma T. Akşit
260 ## - YAYIN, DAĞITIM, VB
Yayın, Dağıtım, Vb Yeri Ankara
Yayıncı, Dağıtıcı, Vs Adı Türkiye Bilimler Akademisi
Yayın, Dağıtım, Vb Tarihi 2007
300 ## - FİZİKSEL TANIM
Kapsam 248 s.
Diğer Fiziksel Ayrıntıları tbl.
Boyutlar 28 sm.
490 ## - SERİSİ TABLOSU
Seri Beyanı Türkiye Bilimler Akademisi raporları
Hacim / Ardışık Tanımı 16
610 ## - KONU KATMA GİRİŞ - TOPLANTI ADI
Giriş Elemanı Olarak Kurumsal Ad Veya Yargı Alanı Adı Türkiye Bilimler Akademisi (TÜBA)
Genel Alt Bölüm Raporlar
650 ## - KONU KATMA GİRİŞ - TOPİKAL DÖNEM
Topikal Süreli Veya Coğrafi Ad Giriş Elemanı Demografik geçiş
Coğrafi Alt Bölümü Türkiye
650 ## - KONU KATMA GİRİŞ - TOPİKAL DÖNEM
Topikal Süreli Veya Coğrafi Ad Giriş Elemanı Nüfus araştırması
Genel Alt Bölümü Raporlar
Coğrafi Alt Bölümü Türkiye
650 ## - KONU KATMA GİRİŞ - TOPİKAL DÖNEM
Topikal Süreli Veya Coğrafi Ad Giriş Elemanı Nüfus politikaları
Genel Alt Bölümü Türkiye
651 ## - KONU KATMA GİRİŞ - COĞRAFİ ADI
Coğrafi İsim Türkiye
Genel Alt Bölümü Sosyo ekonomik kalkınma politikaları
700 ## - KATMA GİRİŞ - KİŞİSEL İSİM
Kişisel Ad Akşit, Belma T.
710 ## - KATMA GİRİŞ - KURUMSAL ADI
Giriş Elemanı Olarak Kurumsal Ad Veya Yargı Alanı Adı Türkiye Bilimler Akademisi (TÜBA)
942 ## - EKLENDİ GİRİŞ ELEMANLARI (KOHA)
Sınıflandırma Veya Raf Düzeni Kaynak Dewey Decimal Classification
Koha Öğesi Türü Books
999 ## - SİSTEM KONTROL NUMARALARI (KOHA)
Koha Biblionumber 1667
Koha Biblioitemnumber 1667
Holdings
Kalıcı Konum Mevcut Konum Edinme Tarihi Edinim Kaynak Toplam Check-Out'Lar Tam Çağrı Numarası Barkod Tarih Son Görülme İtibaren Geçerli Fiyatlar Koha Öğesi Türü
CHP Kütüphanesi CHP Kütüphanesi 08/16/2016 Bağış   304.6 T96 2007 001040 08/16/2016 08/16/2016 Books